书目信息 |
| 题名: |
中风诊断与防治
|
|
| 作者: | 庆疆 主编 | |
| 分册: | ||
| 出版信息: | 延吉 延边人民出版社 2001 |
|
| 页数: | 208页 | |
| 开本: | 21cm | |
| 丛书名: | 专家门诊丛书 | |
| 单 册: | ||
| 中图分类: | R743.3 | |
| 科图分类: | ||
| 主题词: | 中风--诊疗 , CT--S096187--中风 | |
| 电子资源: | ||
| ISBN: | 7-80648-578-3 | |
| 000 | 00880oam2 2200277 45 | |
| 001 | 012002007849 | |
| 005 | 20070113103957.21 | |
| 010 | @a7-80648-578-3@dCNY10.00 | |
| 035 | @a(011001)c2002002109 | |
| 092 | @aCN@b153026 | |
| 100 | @a20020121d2001 em y0chiy0110 ea | |
| 101 | 0 | @achi |
| 102 | @aCN@b220000 | |
| 105 | @ay z 000yy | |
| 200 | 1 | @a中风诊断与防治@Azhong feng zhen duan yu fang zhi@f庆疆等主编@Fqing jiang deng zhu bian |
| 210 | @a延吉@c延边人民出版社@d2001 | |
| 215 | @a208页@d21cm | |
| 225 | 2 | @a专家门诊丛书 |
| 330 | @a本书从中、西医两个角度对中风的发病情况、病因、病理、临床表现、诊断、鉴别诊断、治疗、预防、护理等方面进行了系统阐述。 | |
| 461 | 0 | @12001 @a专家门诊丛书 |
| 606 | 0 | @a中风@x诊疗 |
| 606 | 0 | @2CT@3S096187@a中风 |
| 690 | @aR743.3@v4 | |
| 701 | 0 | @a庆疆@Aqing jiang@4主编 |
| 801 | 0 | @aCN@bNLC@c20070113 |
| 905 | @a10447@dR743.3@e31 | |
| 中风诊断与防治/庆疆等主编.-延吉:延边人民出版社,2001 |
| 208页;21cm.-(专家门诊丛书) |
| ISBN 7-80648-578-3:CNY10.00 |
| 本书从中、西医两个角度对中风的发病情况、病因、病理、临床表现、诊断、鉴别诊断、治疗、预防、护理等方面进行了系统阐述。 |
| ● |
| 相关链接 |
|
|
|
|
正题名:中风诊断与防治
索取号:R743.3/31
 
预约/预借
| 序号 | 登录号 | 条形码 | 馆藏地/架位号 | 状态 | 备注 |
| 1 | 0563476 | 205634768 | 第二样本阅览室/ [索取号:R743.3/31] | 在馆 | |
| 2 | 0563477 | 205634777 | 第三借阅区/ [索取号:R743.3/31] | 在馆 | |
| 3 | 0563478 | 205634786 | 教育系资料室/ [索取号:R743.3/31] | 在馆 | |
| 4 | 0563479 | 205634795 | 教育系资料室/ [索取号:R743.3/31] | 在馆 | |
| 5 | 0563480 | 205634802 | 教育系资料室/ [索取号:R743.3/31] | 在馆 | |
| 6 | 0563481 | 205634811 | 第三借阅区/ [索取号:R743.3/31] | 在馆 | |
| 7 | 0563482 | 205634820 | 第三借阅区/ [索取号:R743.3/31] | 在馆 | |
| 8 | 0563483 | 205634839 | 第三借阅区/ [索取号:R743.3/31] | 在馆 |